Host cities of Youth Olympic Games (YOG) - Statistics

General Stats
  • This quiz has been taken 20 times
  • The average score is 4 of 6
Answer Stats
Year City % Correct
2018 Buenos Aires (Argentina)
84%
2010 Singapore (Singapore)
79%
2016 Lillehammer (Norway)
63%
2014 Nanjing (China)
63%
2012 Innsbruck (Austria)
58%
2020 Lausanne (Switzerland)
58%
No matching quizzes found
Score Distribution
Percent of People with Each Score
Percentile by Number Answered
Your Score History
You have not taken this quiz